| 000 | 00514nam a2200205Ia 4500 | ||
|---|---|---|---|
| 003 | GCL | ||
| 008 | 140319s9999 xx 000 0 eng d | ||
| 040 |
_aGCL / _cGCL |
||
| 082 | 0 | 4 |
_a892.76 _bT C |
| 100 | 1 | _aTOUBIA, TOUBIA | |
| 245 | 1 | 0 |
_aCOMBAT CONTRE / _cTOUBIA, TOUBIA |
| 700 | 1 | _aJ .CQUEMOND, RICHARD | |
| 260 |
_a[S.N] : _bJEAN CLAUDE LATTES ، _c1986 |
||
| 300 | _a159 P | ||
| 650 | 0 | 4 | _aLITERATURE |
| 650 | 0 | 4 | _aARABIC LITERATURE |
| 650 | 0 | 4 | _aFICTION |
| 650 | 0 | 4 | _aARABIC FICTION |
| 942 |
_2ddc _cBK |
||
| 999 |
_c15354 _d15354 |
||